Countries Least Similar To Thailand - Statistics

General Stats
  • This quiz has been taken 36 times
  • The average score is 7 of 20
Answer Stats
Rank Country Score % Correct
7 United States 46.6
82%
6 Canada 46.1
67%
14 Norway 47.9
52%
4 Chad 45.4
45%
3 Niger 44.7
45%
13 Finland 47.7
42%
2 Somalia 44.6
42%
19 Mali 48.6
39%
1 Iceland 43.6
36%
11 Sudan 47.5
36%
15 Denmark 48.0
30%
9 Yemen 46.9
30%
17 Ethiopia 48.3
27%
10 Mauritania 47.3
27%
5 Eritrea 45.6
24%
7 South Sudan 46.6
24%
11 Switzerland 47.5
21%
19 Afghanistan 48.6
18%
18 Djibouti 48.4
9%
16 Lesotho 48.2
9%
No matching quizzes found
Score Distribution
Percent of People with Each Score
Percentile by Number Answered
Your Score History
You have not taken this quiz